Se preparó - Ozuna - Estadísticas

Estadísticas generales
  • Esta prueba ha sido intentada 97 veces
  • La puntuación promedio es 234 de 300
Estadísticas de respuestas
Letra Respuesta % Correcto
linda
100%
preparó
100%
puso
100%
Se
100%
se
100%
su
100%
a
97%
amiga
97%
amiga'
97%
como
97%
llamaba
97%
nada
97%
e'
96%
importó
96%
le
96%
Le
96%
no
96%
si
96%
el
95%
El
95%
Él
95%
de
93%
novio
93%
rumba
93%
ella
92%
Ella
92%
la
92%
la'
92%
vi
92%
en
91%
mi
91%
Salió
91%
salió
91%
Porque
87%
y
84%
engañaba
83%
Lo
83%
lo
83%
que
77%
Que
77%
con
75%
Con
75%
hace
73%
música
72%
quiera
72%
carretera
71%
sufrimiento
71%
V1 Sale
69%
sentimiento'
69%
buena
68%
lamento
68%
siento
68%
pena
67%
esa
65%
nena
65%
sus
65%
me
63%
Ahora
61%
Hoy
61%
al
60%
baile
60%
candela
60%
olvida
60%
dice
59%
monta
59%
champán
57%
nave
56%
prende
56%
mató
55%
viento
55%
palabra'
53%
fueron
51%
llorar
51%
mete
49%
hizo
47%
quemar
47%
Dale
40%
te
40%
Un
40%
dos
37%
película
36%
Prometió
36%
hay
33%
chula
32%
cuerpo
32%
hermoso
32%
dio
31%
parecen
31%
tan
31%
Tiene
29%
Yo
29%
club
25%
falló
25%
mamacita
25%
desnuda
23%
ridícula'
21%
rebeló
20%
Ese
19%
imagino
19%
aseguro
17%
perdió
17%
donde
16%
demá'
15%
hacen
15%
bobo
13%
Dame
12%
lucir
9%
llegan
8%
No se encontraron pruebas coincidentes
Distribución de puntuación
Porcentaje de gente con cada puntuación
Porcentaje por número respondido
Historial de tus puntuaciones
No has intentado esta prueba.